AH International Schools' Libraries

Where's Peter Rabbit? : (Record no. 48081)

MARC details
000 -LEADER
fixed length control field 00591nam a2200145 4500
020 ## - INTERNATIONAL STANDARD BOOK NUMBER
International Standard Book Number 0723235198
020 ## - INTERNATIONAL STANDARD BOOK NUMBER
International Standard Book Number 9780723235194
100 1# - MAIN ENTRY--PERSONAL NAME
Personal name Potter, Beatrix,
Dates associated with a name 1866-1943.
Relator term author.
245 10 - TITLE STATEMENT
Title Where's Peter Rabbit? :
Remainder of title a lift-the-flap book : from The tale of Peter Rabbit : the original and authorized edition /
Statement of responsibility, etc Beatrix Potter.
260 ## - PUBLICATION, DISTRIBUTION, ETC. (IMPRINT)
Place of publication, distribution, etc London, England ;
-- New York, N.Y., U.S.A. :
Name of publisher, distributor, etc F. Warne,
Date of publication, distribution, etc 1988.
300 ## - PHYSICAL DESCRIPTION
Extent 20 p. :
Other physical details col. ill. ;
Dimensions 23 cm.
650 #0 - SUBJECT ADDED ENTRY--TOPICAL TERM
Topical term or geographic name as entry element Toy and movable books
Form subdivision Specimens.
700 1# - ADDED ENTRY--PERSONAL NAME
Personal name Potter, Beatrix,
Dates associated with a name 1866-1943.
Title of a work Tale of Peter Rabbit.
9 (RLIN) 62381
942 ## - ADDED ENTRY ELEMENTS (KOHA)
Source of classification or shelving scheme
Koha item type Book
Holdings
Withdrawn status Lost status Source of classification or shelving scheme Damaged status Not for loan Home library Current library Date acquired Total Checkouts Full call number Barcode Date last seen Date checked out Price effective from Koha item type
          Logos International School Logos International School 12/11/2024 5 E POT 040243 02/19/2026 02/12/2026 12/11/2024 Book

For any Logos Library related questions please contact Miss Art at swongnarasuk@asianhope.org.

For any Asian Hope Library related questions please contact Miss Raza at graza@asianhope.org.

Click here to explore our ebooks!

Powered by Koha